Principles of Corporate Finance / (Record no. 14738)
[ view plain ]
| 000 -LEADER | |
|---|---|
| fixed length control field | 01325nac a22002651u 4500 |
| 008 - FIXED-LENGTH DATA ELEMENTS--GENERAL INFORMATION | |
| fixed length control field | 100929s2008 mau|||||r|||| 001 0 eng d |
| 020 ## - INTERNATIONAL STANDARD BOOK NUMBER | |
| International Standard Book Number | 0071266755 |
| 020 ## - INTERNATIONAL STANDARD BOOK NUMBER | |
| International Standard Book Number | 9780071266758 |
| 082 ## - DEWEY DECIMAL CLASSIFICATION NUMBER | |
| Classification number | 658.15 |
| Item number | BRE |
| 100 ## - MAIN ENTRY--PERSONAL NAME | |
| Personal name | Brealey, Richard A. |
| 9 (RLIN) | 19971 |
| 245 ## - TITLE STATEMENT | |
| Title | Principles of Corporate Finance / |
| Remainder of title | Richard A. Brealey, Stewart C. Myers and Franklin Allen |
| 250 ## - EDITION STATEMENT | |
| Edition statement | 9th ed. |
| 260 ## - PUBLICATION, DISTRIBUTION, ETC. (IMPRINT) | |
| Place of publication, distribution, etc | Boston: |
| Name of publisher, distributor, etc | McGraw-hill,2008 |
| Date of publication, distribution, etc | 2008 |
| 300 ## - PHYSICAL DESCRIPTION | |
| Extent | 1 v. (various pagings): |
| Other physical details | col. ill.; |
| Dimensions | 24 cm. |
| 490 ## - Series Statement | |
| -- | 9025 |
| Series statement | The McGraw-Hill/Irwin Series in Finance, Insurance, and Real Estate |
| -- | Financial Management |
| 504 ## - BIBLIOGRAPHY, ETC. NOTE | |
| Bibliography, etc | Includes bibliographical references and index |
| 511 ## - PARTICIPANT OR PERFORMER NOTE | |
| Participant or performer note | catalogued by: wessam |
| 650 ## - SUBJECT ADDED ENTRY--TOPICAL TERM | |
| Topical term or geographic name as entry element | Corporations |
| General subdivision | Finance. |
| 9 (RLIN) | 19972 |
| 700 ## - ADDED ENTRY--PERSONAL NAME | |
| Personal name | Myers, Stewart C. |
| 9 (RLIN) | 19973 |
| 700 ## - ADDED ENTRY--PERSONAL NAME | |
| Personal name | Allen, Franklin |
| 9 (RLIN) | 19974 |
| 942 ## - ADDED ENTRY ELEMENTS (KOHA) | |
| Item type | Book - Borrowing |
| Call number prefix | 658.15 BRE |
| Source of classification or shelving scheme | Dewey Decimal Classification |
| Withdrawn status | Item status | Source of classification or shelving scheme | Damaged status | Not for loan | Vendor | Home library | Current library | Shelving location | Date acquired | Source of acquisition | Total Checkouts | Total Renewals | Full call number | Barcode | Date last seen | Date last borrowed | Koha item type |
|---|---|---|---|---|---|---|---|---|---|---|---|---|---|---|---|---|---|
| Dewey Decimal Classification | Baccah | Central Library | Central Library | First floor | 29/09/2010 | 5 | 13 | 658.15 BRE | 000022276 | 15/07/2025 | 09/10/2017 | Book - Borrowing | |||||
| Dewey Decimal Classification | Baccah | Central Library | Central Library | First floor | 29/09/2010 | 9 | 42 | 658.15 BRE | 000022275 | 15/07/2025 | 18/02/2017 | Book - Borrowing | |||||
| Dewey Decimal Classification | Baccah | Central Library | Central Library | First floor | 29/09/2010 | 658.15 BRE | 000022274 | 15/07/2025 | NB - Book (Non borrowing) |